Statistics for Songs by Picture

Click here to take the quiz!

General Stats

  • This quiz has been taken 30 times
  • The average score is 6 of 16

Answer Stats

Answer% Correct
Money
83%
Blackbird
72%
Umbrella
69%
Butterfly
62%
Stairway to Heaven
59%
California
55%
Angels
41%
Venus
41%
Time
34%
Father and Son
24%
Riders on the Storm
24%
Kids
21%
Old Man
10%
The Moldau
10%
Wing$
7%
Exodus
0%

Score Distribution

Percentile by Number Answered

Percent of People with Each Score

Your Score History

You have not taken this quiz